Microeconomics : (Record no. 345952)
[ view plain ]
| 000 -LEADER | |
|---|---|
| fixed length control field | 01355 a2200217 4500 |
| 020 ## - INTERNATIONAL STANDARD BOOK NUMBER | |
| International Standard Book Number | 0072898402 |
| 020 ## - INTERNATIONAL STANDARD BOOK NUMBER | |
| International Standard Book Number | 9780072898408 |
| 082 04 - DEWEY DECIMAL CLASSIFICATION NUMBER | |
| Classification number | 338.5 |
| 090 ## - LOCALLY ASSIGNED LC-TYPE CALL NUMBER (OCLC); LOCAL CALL NUMBER (RLIN) | |
| -- | 3475 |
| -- | 3475 |
| 100 1# - MAIN ENTRY--PERSONAL NAME | |
| Personal name | McConnell, Campbell R. |
| 245 10 - TITLE STATEMENT | |
| Title | Microeconomics : |
| Remainder of title | principles, problems, and policies / |
| Statement of responsibility, etc. | Campbell R. McConnell. |
| 250 ## - EDITION STATEMENT | |
| Edition statement | 14th ed. |
| 260 ## - PUBLICATION, DISTRIBUTION, ETC. | |
| Place of publication, distribution, etc. | [S.l.] : |
| Name of publisher, distributor, etc. | Richard D Irwin, |
| Date of publication, distribution, etc. | 1998. |
| 300 ## - PHYSICAL DESCRIPTION | |
| Extent | 547 p. ; |
| Dimensions | 25 cm. |
| 500 ## - GENERAL NOTE | |
| General note | Paperback. |
| 520 ## - SUMMARY, ETC. | |
| Summary, etc. | McConnell and Brue's "Microeconomics: Principles, Problems, and Policies" is the leading Principles of Microeconomics textbook. It continues to be innovative while teaching students in a clear, unbiased way. The 18th edition builds upon the tradition of leadership by sticking to 3 main goals: help the beginning student master the principles essential for understanding the economizing problem, specific economic issues, and the policy alternatives; help the student understand and apply the economic perspective and reason accurately and objectively about economic matters; and, promote a lasting student interest in economics and the economy. |
| 700 1# - ADDED ENTRY--PERSONAL NAME | |
| Personal name | Brue, Stanley L. |
| 856 40 - ELECTRONIC LOCATION AND ACCESS | |
| Materials specified | Amazon.com |
| Uniform Resource Identifier | <a href="http://www.amazon.com/exec/obidos/ASIN/0072898402/chopaconline-20">http://www.amazon.com/exec/obidos/ASIN/0072898402/chopaconline-20</a> |
| 856 40 - ELECTRONIC LOCATION AND ACCESS | |
| Materials specified | Amazon customer reviews |
| Uniform Resource Identifier | <a href="http://www.chopac.org/cgi-bin/tools/azrev.pl?q=0072898402">http://www.chopac.org/cgi-bin/tools/azrev.pl?q=0072898402</a> |
| 942 ## - ADDED ENTRY ELEMENTS (KOHA) | |
| Institution code [OBSOLETE] | NBS |
| Koha item type | Book |
| Call number prefix | 338.5 MCC |
| Withdrawn status | Lost status | Damaged status | Not for loan | Permanent Location | Current Location | Date acquired | Total Checkouts | Total Renewals | Full call number | Barcode | Date last seen | Date last checked out | Price effective from | Koha item type |
|---|---|---|---|---|---|---|---|---|---|---|---|---|---|---|
| Central Library (CL) | Central Library (CL) | 08/28/2013 | 13 | 2 | 338.5 MCC | NBS4681 | 06/12/2023 | 07/13/2022 | 08/28/2013 | Book |
